LDR 00629naa#a2200169#i#450# 001 EN\\bibl\120581 005 20260430163154.4 011 ## _a2587-6740 100 ## _a20260415b2026####ek#y0engy0150####ca 102 ## _aRU 200 1# _aStudy of the negative consequences of comprehensive cadastral works: from optimization to complication (on the example of the Tyumen region) _eJournal article 210 1# _aMoscow _cElectronic science _d2026 215 ## _a5 с. 608 ## _aJournal article _2local 675 ## _aИнтенсивность землепользования. 332.34 _z 700 #1 _aKustysheva _gIrina Nikolaevna 856 4# _astolypinvestnik.ru _u